00521nam a2200169 a 4500001001000000003000900010005001700019007001000036008003600046040002200082110005000104245012400154246000600278260003500284300002300319610000900342000005066DO-SdBNP20171130100134.0000005066090729s2012 dr a 001 0 spa d aBPMSUbspacBPMSU1 a Instituto Tecnológico de Santo Domingo b 10aReglamentos del consejo de investigaciones :baprobado en Consejo Académico mediante resoluciones no. 02-10/2012 c 13a  aSanto Domingo. :bINTEC,c2012 a19 p. ;b c21 cm.2 a x